Vyhláška Ministerstva hospodárstva zo dňa 12. októbra 1944, ktorou sa upravuje spôsob manipulácie s dobytčími pasmi

Bibliographic Details
Format: Book
Language:Slovak
PhysicalDescription:16 s. 4°
Published: Bratislava Povereníctvo pôdohospodárstva a pozemkovej reformy 1946
Subjects:

MARC

LEADER 00000nam a2200000 a 4500
001 vtls010637171
003 SK-MaSNL
005 20260425233510.0
008 250312s1946 xo f o000 0 slo
035 |a 67E4834E-7F79-4B52-A6F4-59036219A531 
035 |a urn:nbn:sk:snk-amjzl4 
035 |a urn:nbn:sk:snk-am007yft 
040 |a SNK  |b slo  |c SNK  |e AACR2 
041 0 |a slo 
043 |a e-xo--- 
044 |a xo  |c SK 
080 |a 351.82:636(049)  |2 1981 
245 0 0 |a Vyhláška Ministerstva hospodárstva zo dňa 12. októbra 1944, ktorou sa upravuje spôsob manipulácie s dobytčími pasmi 
246 1 4 |a Všetkým ONV, expozitúre ONV v Šahách, NV v Bratislave a v Košiciach- 
260 |a Bratislava  |b Povereníctvo pôdohospodárstva a pozemkovej reformy  |c 1946 
300 |a 16 s.  |c 4° 
650 0 7 |a dobytok  |2 SNKPH  |9 2819 
650 0 7 |a doklady  |2 SNKPH  |9 495885 
651 7 |a Slovensko  |2 SNKPH  |9 14231 
655 7 |a vyhlášky  |2 SNKPH  |9 70671 
852 |a Slovenská národná knižnica 
958 |a OND 
999 |c 767643  |d 769573 
952 |a SNK  |b SNK  |y PREZ  |7 0  |p 17A0992193  |o snkSB 32588  |i snkF 4465/81  |8 5  |0 0  |1 0  |4 0  |d 2014-11-20  |f 1  |l 0  |r 2025-04-07 00:00:00  |w 2026-02-24